[Event "HUN-chT3"]
[Site "Hungary"]
[Date "1997.??.??"]
[Round "?"]
[White "Heller, Arpad"]
[Black "Palvolgyi, Istvan"]
[Result "0-1"]
[WhiteElo "2170"]
[BlackElo "2250"]
[PlyCount "42"]
[EventDate "1997.??.??"]
[EventType "team-tourn"]
[EventRounds "13"]
[EventCountry "HUN"]
[SourceTitle "EXT 2001"]
[Source "ChessBase"]
[SourceDate "2000.11.22"]
[SourceVersion "1"]
[SourceVersionDate "2000.11.22"]
[SourceQuality "1"]

1. e4 e5 2. Nf3 Nc6 3. d4 exd4 4. Nxd4 Qf6 5. Nxc6 Bc5 6. Qd2 dxc6 7. Bd3 Ne7 8. Qf4 Qe6 9. Nd2 Ng6 10. Qg5 Be7 11. Qg3 Bd6 12. Qe3 Nf4 13. Bf1 0-0 14. g3 Ng6 15. Bg2 Kh8 16. f4 Re8 17. f5 Qxf5 18. exf5 Rxe3+ 19. Kf2 Bc5 20. fxg6 Bg4 21. Bf1 Re2# 0-1